Особенности акустического излучения при трении стали Гадфильда; Известия Томского политехнического университета [Известия ТПУ]; Т. 319, № 2 : Математика и механика. Физика
| Parent link: | Известия Томского политехнического университета [Известия ТПУ]/ Томский политехнический университет (ТПУ).— , 2000- Т. 319, № 2 : Математика и механика. Физика.— 2011.— [С. 62-66] |
|---|---|
| Glavni autor: | |
| Daljnji autori: | , |
| Sažetak: | Заглавие с титульного листа Электронная версия печатной публикации Исследована взаимосвязь между параметрами сигналов акустической эмиссии и характером трения стали Гадфильда (Г13). Установлена корреляция между спектром акустической эмиссии и коэффициентом трения. Предложен механизм возбуждения акустических колебаний в результате деградации структуры поверхности трения. |
| Jezik: | ruski |
| Izdano: |
2011
|
| Serija: | Математика и механика. Физика |
| Teme: | |
| Online pristup: | http://www.lib.tpu.ru/fulltext/v/Bulletin_TPU/2011/v319/i2/14.pdf |
| Format: | Elektronički Poglavlje knjige |
| KOHA link: | https://koha.lib.tpu.ru/cgi-bin/koha/opac-detail.pl?biblionumber=203191 |
MARC
| LEADER | 00000nla2a2200000 4500 | ||
|---|---|---|---|
| 001 | 203191 | ||
| 005 | 20231031185519.0 | ||
| 035 | |a (RuTPU)RU\TPU\book\221416 | ||
| 035 | |a RU\TPU\book\221413 | ||
| 090 | |a 203191 | ||
| 100 | |a 20111031d2011 k y0rusy50 ca | ||
| 101 | 0 | |a rus | |
| 102 | |a RU | ||
| 135 | |a drnn ---uucaa | ||
| 181 | 0 | |a i | |
| 182 | 0 | |a b | |
| 200 | 1 | |a Особенности акустического излучения при трении стали Гадфильда |b Электронный ресурс |f Е. А. Колубаев, О. В. Сизова, С. А. Пупынин | |
| 203 | |a Текст |c электронный | ||
| 215 | |a 1 файл (254 Кб) | ||
| 225 | 1 | |a Математика и механика. Физика | |
| 230 | |a Электронные текстовые данные (1 файл : 254 Кб) | ||
| 300 | |a Заглавие с титульного листа | ||
| 300 | |a Электронная версия печатной публикации | ||
| 320 | |a [Библиогр.: с. 66 (9 назв.)] | ||
| 330 | |a Исследована взаимосвязь между параметрами сигналов акустической эмиссии и характером трения стали Гадфильда (Г13). Установлена корреляция между спектром акустической эмиссии и коэффициентом трения. Предложен механизм возбуждения акустических колебаний в результате деградации структуры поверхности трения. | ||
| 337 | |a Adobe Reader | ||
| 461 | 1 | |0 (RuTPU)RU\TPU\book\176237 |t Известия Томского политехнического университета [Известия ТПУ] |f Томский политехнический университет (ТПУ) |d 2000- | |
| 463 | 1 | |0 (RuTPU)RU\TPU\book\221233 |x 1684-8519 |t Т. 319, № 2 : Математика и механика. Физика |v [С. 62-66] |d 2011 |p 167 с. | |
| 610 | 1 | |a трение скольжения | |
| 610 | 1 | |a коэффициент трения | |
| 610 | 1 | |a акустическая эмиссия | |
| 610 | 1 | |a акустические сигналы | |
| 610 | 1 | |a частотные спектры | |
| 610 | 1 | |a сталь Гадфильда | |
| 610 | 1 | |a поверхности трения | |
| 610 | 1 | |a структуры | |
| 610 | 1 | |a деградация | |
| 610 | 1 | |a труды учёных ТПУ | |
| 610 | 1 | |a электронный ресурс | |
| 700 | 1 | |a Колубаев |b Е. А. | |
| 701 | 1 | |a Сизова |b О. В. |c российский ученый, специалист в области металловедения |c профессор Томского политехнического университета, доктор технических наук |f 1948- |g Ольга Владимировна |2 stltpush |3 (RuTPU)RU\TPU\pers\28827 | |
| 701 | 1 | |a Пупынин |b С. А. |c магистрант Томского политехнического университета |c учебный мастер |f 1987- |g Сергей Александрович |2 stltpush |3 (RuTPU)RU\TPU\pers\28826 | |
| 801 | 1 | |a RU |b 63413507 |c 20090623 |g PSBO | |
| 801 | 2 | |a RU |b 63413507 |c 20211228 |g PSBO | |
| 856 | 4 | |u http://www.lib.tpu.ru/fulltext/v/Bulletin_TPU/2011/v319/i2/14.pdf | |
| 942 | |c CF | ||